Catálogo
 En Linea

Tratados hipocráticos / (Registro nro. 44090)

Detalles MARC
000 -CABECERA
campo de control de longitud fija 00823nam a2200205 a 4500
001 - NÚMERO DE CONTROL
campo de control 000044601
005 - FECHA Y HORA DE LA ÚLTIMA TRANSACCIÓN
campo de control 20201002045506.0
008 - DATOS DE LONGITUD FIJA--INFORMACIÓN GENERAL
campo de control de longitud fija 140721s1986 sp 000 0 spa d
020 ## - NÚMERO INTERNACIONAL ESTÁNDAR DEL LIBRO
Número Internacional Estándar del Libro 8424910184
040 ## - FUENTE DE LA CATALOGACIÓN
Centro catalogador/agencia de origen DO-SdBNP
Lengua de catalogación spa
Centro/agencia transcriptor BNPHU
245 00 - MENCIÓN DE TÍTULO
Título Tratados hipocráticos /
Mención de responsabilidad, etc. introducciones, traducciones y notas porJ. A. López Pérez, E. García Novo.
260 ## - PUBLICACIÓN, DISTRIBUCIÓN, ETC.
Lugar de publicación, distribución, etc. Madrid :
Nombre del editor, distribuidor, etc. Editorial Gredos,
Fecha de publicación, distribución, etc. 1986.
300 ## - DESCRIPCIÓN FÍSICA
Extensión v. ;
Dimensiones 23 cm.
490 1# - MENCIÓN DE SERIE
Mención de serie Bibliotecas clásicas Gresos
Designación de volumen o secuencia 90
500 ## - NOTA GENERAL
Nota general Incluye datos bibliográficos al pie de las páginas
505 0# - NOTA DE CONTENIDO CON FORMATO
Nota de contenido con formato v. 2
Título Sobre los aires, aguasy lugares
-- Sobre los humores
-- Sobre los platos
-- Predicciones I
-- Predicciones II
-- Predicciones de cos
700 12 - PUNTO DE ACCESO ADICIONAL--NOMBRE DE PERSONA
Nombre de persona López Pérez, J. A.
9 (RLIN) 72630
700 12 - PUNTO DE ACCESO ADICIONAL--NOMBRE DE PERSONA
Nombre de persona García Novo, E.
9 (RLIN) 72631
830 #0 - PUNTO DE ACCESO ADICIONAL DE SERIE-TÍTULO UNIFORME
Título uniforme Biblioteca clásica Gredos
Designación de volumen o secuencia 90
9 (RLIN) 8642
Existencias
Estado de retiro Estado de pérdida Restricciones de uso No para préstamo Código de colección Localización permanente Ubicación/localización actual Ubicación en estantería Fecha de adquisición Número de inventario Total de préstamos Signatura topográfica completa Código de barras Fecha visto por última vez Precio válido a partir de Tipo de ítem Koha
      Excluido de préstamo Monografías: Libros y Folletos General General En catalogación 21.07.2014 LF1   44601-10 25.06.2020 25.06.2020 No se presta

Con tecnología Koha